[Event "Candidates Tournament"]
[Site "London"]
[Date "2013.03.27"]
[Round "10"]
[White "Carlsen, Magnus"]
[Black "Gelfand, Boris"]
[Result "1-0"]
[WhiteElo "2872"]
[BlackElo "2740"]
[Annotator "Nielsen,Peter Heine"]
[PlyCount "95"]
[EventDate "2013.03.15"]
[EventType "tourn"]
[EventRounds "14"]
[EventCountry "ENG"]
[EventCategory "22"]
[SourceTitle "CBM 154"]
[Source "ChessBase"]
[SourceDate "2013.05.15"]
[SourceVersion "1"]
[SourceVersionDate "2013.05.15"]
[SourceQuality "1"]

{Magnus Carlsen: "My game against Gelfand in round 10, annotated by Peter Heine Nielsen below, represents the level of chess I aspired to play at in the Candidates. Although I did not succeed in every game, I take great comfort in having reached the main objective which was to qualify for the World Championship match against V. Anand. I would like to express my gratitude to Peter Heine and the other seconds for their valuable help in reaching this goal."} 1. e4 c5 2. Nf3 Nc6 {Openingwise the players are basically 2 opposites. While Carlsen moves around a lot, Gelfand, both in the WC-match with Anand and in this Candidates tournaments stayed completely loyal to the Grünfeld against 1.d4 and the Sveshnikov against 1.e4.} 3. Bb5 $5 {Sveshnikov was right! At least judged by the current trends, White players seems to concede that the actual Sveshnikov Sicilian is fine for Black, and that 3.b5 is the way to fight for the advantage. As Sveshnikov claimed years back. Anand did well with b5 in the match, and later both Caruana and Ponomariov posed Gelfand some problems.} e6 4. O-O ({In round 7 Magnus played} 4. Bxc6 {against Radjabov, and after} bxc6 5. b3 d6 6. O-O $5 {tried this idea, deviating from 6.e5 which was both played by McShane and Grischuk against Radjabov. The idea is that after 6...e5 we have a position known from 3...d6 4.xc6 bxc6 5.0-0 only with the white pawn on b3 instead of b2. Not a huge difference, but definitely leading to a playble position for White. Here Radjabov played} Ne7 $5 {and in a complex position, Magnus hallucinated, and was suddenly lost, but saved the game after inaccurate play by Radjabov.}) 4... Nge7 5. Re1 a6 $5 {In the Tashkent Grand Prix against Caruana and Ponomariov, Gelfand chose 5...d4, but part of the reason behind being able to succesfully repeat his openings, is having small surprises within them, and for this candidates he had prepared 5...a6, and employed it already succesfully with Grischuk in round 6.} 6. Bf1 d5 7. exd5 $5 {I was seconding Magnus in London, but also got help from other seconds online. They suggested this line, thinking it leads to a moderately pleasant position, with a long game ahead, which should suit Magnus style excellently.} ({Grischuk played} 7. d3 {and we saw an unusually sharp fight for pawn structure with big decisions early on:} d4 $5 8. e5 $5 Nd5 9. c4 $5 dxc3 10. bxc3 Rb8 11. Bb2 b5 $5 {and after a tactical error by Grischuk Gelfand got a winning position, although the game ended in a draw.}) 7... Nxd5 8. d4 Nf6 9. Be3 cxd4 (9... Be7 {might be slightly more accurate as after} 10. c4 O-O 11. Nc3 cxd4 12. Nxd4 {instead of 12...d7 also 12...c7 indenting ...d8 is possible.}) 10. Nxd4 Bd7 11. c4 {This is the concept. White has a bit more space and a queenside majority. Black of course a healthy and solid position though.} Nxd4 (11... Be7 12. Nc3 O-O 13. Nf3 $5 {White has been quite succesful with, and this is an argument for Gelfand's choice, securing relieving exchanges before it is too late.}) (11... Bb4 $5 {is a principled choice, but after} 12. Nc3 Bxc3 13. bxc3 O-O 14. Bf4 {White's activity more than compensates for the structural weaknesses. After} Nxd4 $5 15. cxd4 Bc6 {surprisingly suddenly we have the typically Nimzo pawn structure, very similar to game 11 in the Anand-Gelfand match, where Gelfand had a pleasant position with the 2 bishops, before that game was drawn.}) 12. Bxd4 Bc6 13. Nc3 Be7 14. a3 $5 {Magnus was happy with this decision, as he thought the interpolation of a3/a5 is probably favouring White.} (14. Qd3 O-O 15. Rad1 {This was played in the stem game Kinmark (that's actually an anagram of Kramnik as my Swedish friends have pointed out!) -Paoli 1975, also being slightly more pleasant for White.}) 14... a5 $5 {The principled approach, and what one would expect from Gelfand.} (14... O-O 15. b4 {is what White wants, but as usual only a slight edge.}) 15. Qd3 O-O (15... a4 $6 {is an ambitious attempt, but after} 16. Rad1 O-O 17. Qg3 {White's initiative becomes too strong.}) 16. Rad1 Qc7 17. Be5 Qb6 18. Qg3 Rfd8 (18... Nh5 $5 19. Qh3 Nf6 {would be an interesting way to defend, as now c7 no longer annoys Black, and Black is threatening ...fd8.} 20. Bd3 h6 21. Bd4 Qc7 22. b4 $1 {and White still keeps an edge though.}) 19. Rxd8+ (19. Nd5 {Magnus said at the press-conference that he had wasted quite some time on this move, which fails due to a small tactic:} exd5 20. Bd4 Bc5 21. Bxf6 Bxf2+ $1 {leading to a drawish ending.}) 19... Qxd8 20. Rd1 Qb6 (20... Qf8 $5 {Speelman mentioned this move at the press conference, to which Gelfand quite rightly replied that from a practical perspective it has no huge relevance. Gelfand's plan was hampering Black's queenside play in an ambitious manner, but this more defensive move does have some bite, as the following tactic:} 21. b4 $5 axb4 22. axb4 Nh5 $1 23. Qg4 Bxb4 24. Qxh5 f6 $1 25. Bd3 g6 $1 {amazingly holds up for Black, as after} 26. Bxg6 $2 (26. Qg4 $1 fxe5 27. Qxe6+ Qf7 28. Qxe5 Ra5 {and Black has enough compensation to draw here}) 26... hxg6 27. Qxg6+ Qg7 {and due to the mate on g2, White can't take on f6 with the queen, and thus suddenly ends up a piece short! Instead of 21.b4, probably 21.d3!? is stronger, and White remains comfortably placed.}) 21. Bd4 Qb3 22. Rd3 (22. Rd2 {is more modest, but White still has a pleasant game after eg.} a4 23. Qc7 Nd7 24. Be3 Bd8 25. Qg3 {But the game puts much more direct pressure on Black.}) 22... Qc2 23. b4 $1 axb4 24. axb4 Nh5 25. Qe5 (25. Qe3 $5 {This computer move also keeps an edge, the main point being} Bxb4 26. Qg5 g6 (26... f6 $1 {a much better fighting chance} 27. Qxh5 e5 28. Qf5 Rf8 $1 { and although White is better, Black keeps definite figthing chances}) 27. Ne4 $1 Bxe4 28. Qe5 $1 {and Black's position suddenly collapses.}) 25... Bf6 {The toughest defence.} ({Both players saw} 25... Ra1 26. Nd1 $1 Rxd1 27. Rxd1 Qxd1 28. Qb8+ Bf8 29. Bc5 h6 30. Qxf8+ Kh7 {and now} 31. Qd6 $1 {is the key bringing back the queen for defence, and the ensuing endings will just be winning for White due to the queenside majority and the pair of bishops.} (31. Qxf7 $2 Be4 $1 {however would completely reverse the situation, as ...d3 can't be stopped.})) 26. Qxh5 Bxd4 27. Rxd4 Qxc3 28. Qa5 $1 {The point behind 23.b4, without this, White wouldn't even be better. But now with this intermezzo, White just manages to coordinate in time, and thus his queenside majority secures a huge edge.} Rf8 $146 ({RR} 28... Re8 29. Qb6 e5 30. Rd6 Be4 31. b5 h6 32. h3 Ra8 33. Rd8+ Rxd8 34. Qxd8+ Kh7 35. Qd7 f5 36. Qd6 f4 37. c5 f3 38. g3 Qc1 39. h4 Qc3 40. h5 Qc1 41. c6 bxc6 42. bxc6 Qxc6 {½-½ (42) Chandra,A (2472)-Nyzhnyk,I (2639) Rockville 2014}) 29. Qb6 e5 {The only way to fight.} 30. Rd1 (30. Rd8 $5 g6 31. b5 Be4 32. Rd7 {transposes to the line below.}) 30... g6 31. b5 Be4 32. Qf6 $6 (32. h4 $5) (32. Rd7 {This seems almost winning, the idea being d6 next, and if now ...f5, then xb7.} Qe1 33. Qd6 $16) 32... h5 $6 (32... Bf5 $1 {A very good fighting chance,} 33. Rd5 Be6 34. Qxe5 Qxe5 35. Rxe5 Rc8 {as this could be easily drawn for Black, White should probably not liquidate into this ending. An important line is} 36. c5 Kf8 37. Bd3 Bd7 $1 {followed by ...f6 winning back the pawn.}) 33. h4 Bf5 34. Rd5 Qc1 $5 (34... Be6 35. Qxe5 Qxe5 36. Rxe5 Rc8 37. c5 Kf8 38. Bd3 Bd7 {is now different, as ...f6 would weaken the g6-pawn, and thus h4/h5 greatly favours White.}) 35. Qxe5 Be6 36. Rd4 Ra8 37. Qe2 {Gelfand has reasonable activity for the pawn, but in time pressure commits a few inaccuracies, which Magnus punished mercilessly.} Kh7 $6 (37... Qa1 38. Qd1 Kg7 {eg. was a much tougher defence} 39. c5 $2 Qc3 $1 {being one resource.}) 38. Rd1 Qc3 39. Qe4 Ra1 $2 {But ...a7 as the computer thinks, fights on. But it is impossible for a human to play.} 40. Rxa1 Qxa1 41. c5 $1 {The time control has been reached, but now White is completely winning, as nothing stops his pawns marching forward.} Qc3 42. Qxb7 (42. b6 {would indeed be safer, but Magnus missed Gelfand's reply to his next move.}) 42... Qe1 $5 (42... Qxc5 43. b6 {followed by a6, and the pawn just queens.}) 43. b6 {Magnus said at the press conference that he quite quickly recovered from the shock, and that despite losing the bishop on f1, it doesn't really change much, as what matters is that the white pawns are queening.} Bc4 44. Qf3 $1 Qxf1+ 45. Kh2 Qb1 46. b7 Qb5 47. c6 Bd5 48. Qg3 $1 {Controlling g2, and h4, eliminating even any small attempts at counterplay, and simultaneously queening the b-pawn made Gelfand resign. Probably Magnus' best game in London. He achieved only a small edge in the opening, but with some precise tactics managed to enlarge it, and then increased it to decisive proportions in Gelfand's time trouble. This gave Carlsen the sole lead, but much more was still to happen...} 1-0